Word Ladder: Kiss Me! Quiz Stats

 Plays Quiz Updated Mar 13, 2018

Score 0/27 Timer 03:00
0 Plays Today
Clue 4-Letter Word % Correct
Prepare a cakeBAKE
97.8%
❤ Get to first ___❤ BASE ❤
96.5%
Group of wolvesPACK
92.8%
❤ Just a quick kiss ❤❤ PECK ❤
92.6%
❤ Locking ___❤ LIPS ❤
92.5%
Green citrusLIME
92.4%
❤ ___ out ❤❤ MAKE ❤
89%
Poor, like an unfunny jokeLAME
88.1%
Walk around nervouslyPACE
87.8%
❤ Sucking ___❤ FACE ❤
87.4%
Disapproving cheersBOOS
86.6%
A fancy rideLIMO
85.9%
Sturdy shoeBOOT
85.7%
ManagerBOSS
85.3%
Clue 4-Letter Word % Correct
Nose outputSNOT
84.9%
Chimney coaterSOOT
84.8%
RenownFAME
83.9%
Common plastic surgery, brieflyLIPO
83%
Gladys Knight's accompanimentPIPS
78.8%
Smoking accessoryPIPE
78.3%
Audio enhancer, for shortMIKE
71.7%
'Devil's Haircut' singerBECK
69%
A type of jumpPIKE
66.5%
❤ Smooch, from a Brit ❤❤ SNOG ❤
65.1%
❤ Kiss, in olden times ❤❤ BUSS ❤
55.5%
Play music for moneyBUSK
51.4%
Rudolph the reindeer?BUCK
49.9%

Today's Daily Dose

Missing Word
Sherlocks

Word Ladder
King of the Hill

Quick Pick
Songs in Pink

Get the Picture
NBA Teammates

You're not logged in!

Compare scores with friends on all Sporcle quizzes.
OR
Log In

Sporcle TV

Today on Sporcle TV


Watch our educational content, quiz creation guides, and fun videos on Sporcle TV.

Show Comments

Extras

Top Quizzes Today


Score Distribution

Your Account Isn't Verified!

In order to create a playlist on Sporcle, you need to verify the email address you used during registration. Go to your Sporcle Settings to finish the process.

Report this User

Report this user for behavior that violates our Community Guidelines.

Details: